Sea Horse. (Record no. 221)

MARC details
000 -LEADER
fixed length control field 00875nam a22002777a 4500
001 - CONTROL NUMBER
control field 221
003 - CONTROL NUMBER IDENTIFIER
control field FISKH
005 - DATE AND TIME OF LATEST TRANSACTION
control field 20230629080249.0
008 - FIXED-LENGTH DATA ELEMENTS--GENERAL INFORMATION
fixed length control field 230307b cb ||||| |||| 00| 0 eng d
010 ## - LIBRARY OF CONGRESS CONTROL NUMBER
LC control number 2005050755
040 ## - CATALOGING SOURCE
Original cataloging agency FISKH
Language of cataloging eng
Transcribing agency FISKH
050 ## - LIBRARY OF CONGRESS CALL NUMBER
Classification number QL638.S9
082 ## - DEWEY DECIMAL CLASSIFICATION NUMBER
Classification number 597.6798
100 ## - MAIN ENTRY--PERSONAL NAME
Personal name Butterworth, Chris
245 ## - TITLE STATEMENT
Title Sea Horse.
Remainder of title The shyest fish in the sea /
Statement of responsibility, etc. illustrated by John Lawrence
260 ## - PUBLICATION, DISTRIBUTION, ETC.
Place of publication, distribution, etc. Dongguan, Guandong, China
Name of publisher, distributor, etc. Candlewick Press
Date of publication, distribution, etc. 2006
300 ## - PHYSICAL DESCRIPTION
Extent 16 leaves of plates
Dimensions 26 x 24 cm.
505 ## - FORMATTED CONTENTS NOTE
Formatted contents note M
520 ## - SUMMARY, ETC.
Summary, etc. Presents an introduction to the seahorse, in simple text with illustrations, describing their physical characteristics, habitat, life cycle, and behavior.
521 8# - TARGET AUDIENCE NOTE
Target audience note 750
Source Lexile
521 8# - TARGET AUDIENCE NOTE
Target audience note M <br/>
Source Raz-Plus
650 ## - SUBJECT ADDED ENTRY--TOPICAL TERM
Topical term or geographic name entry element Fish
650 ## - SUBJECT ADDED ENTRY--TOPICAL TERM
Topical term or geographic name entry element ocean creatures
650 ## - SUBJECT ADDED ENTRY--TOPICAL TERM
Topical term or geographic name entry element exotic animals
942 ## - ADDED ENTRY ELEMENTS (KOHA)
Source of classification or shelving scheme Dewey Decimal Classification
Koha item type Books
Suppress in OPAC No
Holdings
Withdrawn status Lost status Source of classification or shelving scheme Damaged status Not for loan Collection Home library Current library Shelving location Date acquired Total Checkouts Full call number Barcode Date last seen Date last checked out Price effective from Koha item type
    Dewey Decimal Classification     Non-Fiction Footprints International School Library Network Toul Kork Campus Footprints International School Library Network Toul Kork Campus TK Primary Library Room(4th Floor), Bookcase 5&6, Shelves 33-56, Orange Books 03/07/2023 2 BUT 597.6798 QL638.S9 FISTK02016 12/09/2024 09/09/2024 03/07/2023 Books